<?xml version="1.0" encoding="UTF-8"?>
<record
    xmlns:xsi="http://www.w3.org/2001/XMLSchema-instance"
    xsi:schemaLocation="http://www.loc.gov/MARC21/slim http://www.loc.gov/standards/marcxml/schema/MARC21slim.xsd"
    xmlns="http://www.loc.gov/MARC21/slim">

  <leader>03063namaa22002052ia4500</leader>
  <controlfield tag="001">1647</controlfield>
  <controlfield tag="003">OSt</controlfield>
  <controlfield tag="005">20250207133955.0</controlfield>
  <controlfield tag="008">241024s2011    dr ado fdt   o001 0cspa d</controlfield>
  <datafield tag="040" ind1=" " ind2=" ">
    <subfield code="a">CGID0012</subfield>
    <subfield code="b">spa</subfield>
    <subfield code="c">CGID0012</subfield>
    <subfield code="e">rda</subfield>
  </datafield>
  <datafield tag="082" ind1="0" ind2="4">
    <subfield code="a">IDEICE RD 371.1 C749m 2010</subfield>
  </datafield>
  <datafield tag="100" ind1=" " ind2=" ">
    <subfield code="a">MINERD</subfield>
  </datafield>
  <datafield tag="245" ind1=" " ind2="0">
    <subfield code="a">Memoria </subfield>
    <subfield code="b">1er Congreso IDEICE 2010 debate de la actualidad educativa</subfield>
    <subfield code="c">Rep&#xFA;blica Dominicana : Ministerio de Educaci&#xF3;n :  Instituto Dominicano de Evaluaci&#xF3;n e Investigaci&#xF3;n de la Calidad Educativa </subfield>
  </datafield>
  <datafield tag="260" ind1=" " ind2=" ">
    <subfield code="b">Ministerio de Educaci&#xF3;n :</subfield>
    <subfield code="a">Santo Domingo</subfield>
    <subfield code="c">2011</subfield>
  </datafield>
  <datafield tag="505" ind1=" " ind2=" ">
    <subfield code="a">Indice  Presentaci&#xF3;n de la Ministro de Educaci&#xF3;n  Introducci&#xF3;n a la Memoria del I Congreso IDEICE 2010.III. Palabras de Apertura ali Congreso TOEICE 2010: Malians, puede ser may loode IV. Rese&#xF1;a del Discano Central V. Conferencia Magistral: La investigaci&#xF3;n Evaluativa: Tendencies, Rates y Perspectives  VL La Educaci&#xF3;n Prefigurativa como Fundamenta de la Escuela del Siglo XX  - VIL. Innovaciones en la Supervisi&#xF3;n Educativa: Una Mirade of Potencial del Modelo de la Repable Dominama VIII. Las Pruebas Nacionales como Instrumento de Evaluacion de Logrus de Aprendizaje Re Perspectivas Estudio sobre el Nivel de Rendimiento Acad&#xE9;mico en los Centras de Excelencia de Educaci&#xF3;n Media y paraci&#xF3;n con el Nivel de Rendimiento de otras Centros Educatives de las Regionales de Santa Dumings  Resultados Estudio internacional de Educaci&#xF3;n Civica y Ciudadana II. Estudio sobre Comportamientos de Riesgo y Salud en escolares dominicanes del Rivel Medin  XII Breve sintesis del Estudio Cualitativo sobre Centrus Educatives can Resultades Destacables en las Prunes Nacionales  1111 Una metodologia participativa a trav&#xE9;s de la pregunta para el desarrollo del pensamienta critics refleva los y las estudiantes de Educaci&#xF3;n de la Universidad Cat&#xF3;lica Santo Domingu  XIV. Realidad de la Ense&#xF1;anza de las Matem&#xE1;ticas en el Nivel Basicn y Medio de la Rep&#xFA;blica Duminiome XV. Impacto del Programa de Escuelas Efectivas en el Aprendizaje de la Matem&#xE1;tica y la  Lengua Ep  XVI. Inversi&#xF3;n en Educaci&#xF3;n: Para radicales, conservadores y shitas.
XVII Politicas Educativas Asertivas Vill. Est&#xE1;ndares de Desempe&#xF1;a Docente: Directores/es y Maestres les de Centros Educati  XIX. Estudio sobre Conacimiento, Fercepcion, Expectativas, Aspiraci&#xF3;n y Retired de Compromiss Actares B sicas del Sistema Educativo Respecto a la Mision 1000 x 1000 XL Incorporaci&#xF3;n de la investigaci&#xF3;n pedag&#xF3;gica a la pr&#xE1;ctica docents en la Universidad Iberoamericana
11. Impacto del uso de la estrategia innovadora, Aprender a Aprender en los Aprendizajes de les t&#xE9;rmino de la Licenciatura en Educaci&#xF3;n B&#xE1;sica en el Redisto Felix Evarista Mejia  XXL ESTUDIOS SOBRE FORMACI&#xD3;N DOCENTE EN REP&#xDA;BLICA DOMINICANA, 1990-2005 XXIII. Plan de Mejora de las Aprendizajes de Quimica en la Formaci&#xF3;n Decente XXIV. Cninquio: Debate de la Actualidad Educative: f emmeltelt lengua espais Appr ques y pr&#xE1;cticas 
</subfield>
  </datafield>
  <datafield tag="590" ind1=" " ind2=" ">
    <subfield code="a">si</subfield>
  </datafield>
  <datafield tag="901" ind1=" " ind2=" ">
    <subfield code="a">6/7/2011 2:48:22 p.m.</subfield>
  </datafield>
  <datafield tag="942" ind1=" " ind2=" ">
    <subfield code="2">ddc</subfield>
    <subfield code="c">LIB</subfield>
    <subfield code="n">0</subfield>
  </datafield>
  <datafield tag="999" ind1=" " ind2=" ">
    <subfield code="c">12276</subfield>
    <subfield code="d">12276</subfield>
  </datafield>
  <datafield tag="952" ind1=" " ind2=" ">
    <subfield code="0">0</subfield>
    <subfield code="1">0</subfield>
    <subfield code="2">ddc</subfield>
    <subfield code="4">0</subfield>
    <subfield code="7">0</subfield>
    <subfield code="a">RI</subfield>
    <subfield code="b">RI</subfield>
    <subfield code="d">2025-02-07</subfield>
    <subfield code="l">0</subfield>
    <subfield code="o">IDEICE RD 371.1 C749m 2010</subfield>
    <subfield code="r">2025-02-07 17:35:48</subfield>
    <subfield code="u">https://ideice.gob.do/documentacion/publicaciones-id-p1-29-memoria-1er-congreso-internacional-ideice-2010</subfield>
    <subfield code="w">2025-02-07</subfield>
    <subfield code="y">REV</subfield>
  </datafield>
</record>
